| 000 | 00810nam a22002777a 4500 | ||
|---|---|---|---|
| 003 | CHAP | ||
| 005 | 20220329141636.0 | ||
| 008 | 971013s1942 r 00010 d | ||
| 010 | _a71526 | ||
| 011 | _a72498 | ||
| 035 | _a82053 | ||
| 040 | _cCHAP | ||
| 082 |
_a627 _bD38 |
||
| 100 | 0 | 0 |
_aDavis, Calvin Victor. _931249 |
| 245 | _aHandbook of applied hydraulics | ||
| 260 |
_aNew York : _bMcGraw-Hill, _c1942 |
||
| 300 |
_a1084 p. _b: ilus. |
||
| 590 |
_aBATCH-UPD _b10 _c20130110 _lUCH01 _h0810 |
||
| 590 |
_aBATCH-UPD _b10 _c20130410 _lUCH01 _h0447 |
||
| 590 |
_aBATCH-UPD _b10 _c20130914 _lUCH01 _h1137 |
||
| 590 |
_aCONVERSION _b10 _c20130109 _lUCH01 _h1339 |
||
| 650 | 1 | 4 |
_aIngenierĂa hidrĂ¡ulica. _958235 |
| 901 | _aBK | ||
| 942 | _cLIBRO | ||
| 949 |
_a627 D38 _bBC _cBPA _d-35864 _eBPA _h18875 _i82053 _si _t37.50 |
||
| 999 |
_c71526 _d71526 |
||